000 00304nam a2200145Ia 4500
100 _aAlpion/Gezim
942 _cBK
366 _f25
245 _aMother Teresa:Saint or celebrity
260 _bRoutledge
_c2007
082 _a808.3
_bALP
300 _a284
546 _aENGLISH
_cComputers
999 _c24836
_d24836